000 00284nam a22001337a 4500
008 170308b xxu||||| |||| 00| 0 eng d
020 _a9780697209870
041 _aeng
080 _a611
100 _a6
101 _aSHM
245 _aHUMAN PHYSIOLOGY
_cTHOUIN, L.G
942 _2udc
_cBK
999 _c7181
_d7181